| 000 | 00641nam a2200193 i 4500 | ||
|---|---|---|---|
| 001 | 147596 | ||
| 003 | ES-MaACL | ||
| 005 | 20230906202134.0 | ||
| 007 | t| | ||
| 008 | 071004s1907 sp ||||1| spa d | ||
| 100 | 1 |
_aUrzola Gil, Luis G. _9112288 |
|
| 245 | 1 | 3 |
_aLa estenosis del píloro como complicación de la úlcera del estómago _b: memoria del doctorado... / _cLuis G. Urzola Gil. |
| 260 |
_aZaragoza : _b[s.n.], _c1907 ( _fMariano Escar) |
||
| 300 |
_a34 p. : _bil. ; _c21 cm. |
||
| 502 | _aTesis doctoral. | ||
| 650 | 1 | 4 |
_aEstenosis pilórica. _9147017 |
| 650 | 1 | 4 |
_aEstómago- _xÚlceras. _9144394 |
| 852 |
_aES-MaACL _jT-1135-F-5 |
||
| 999 |
_c147596 _d147596 |
||